000 00615nam a22002417a 4500
003 UA-OsUOA
001 30517
007 ta
008 20041110b un ||||| |||| 00| 0 ukr d
090 _a82.09(47+57)
_bП15
942 _cBK
040 _aUA-OsUOA
_brus
_cUA-OsUOA
_dUA-OsUOA
245 _a15 встреч в Останкине
_cСост. Т.Земскова
300 _a303 с.
_bІлюстрації
955 _a0
041 _arus
080 _a82.09(47+57)
020 _a5-250-00353-2
260 _aМосква
_bПолитиздат
_c1989
044 _aRU
650 7 _2UDC
999 _c316929
_d316929